<?xml version="1.0" encoding="UTF-8"?><?xml-stylesheet type="text/xsl" href="static/style.xsl"?><OAI-PMH xmlns="http://www.openarchives.org/OAI/2.0/" xmlns:xsi="http://www.w3.org/2001/XMLSchema-instance" xsi:schemaLocation="http://www.openarchives.org/OAI/2.0/ http://www.openarchives.org/OAI/2.0/OAI-PMH.xsd"><responseDate>2026-06-02T02:30:06Z</responseDate><request verb="GetRecord" identifier="oai:riubu.ubu.es:10259/6506" metadataPrefix="marc">https://riubu.ubu.es/oai/request</request><GetRecord><record><header><identifier>oai:riubu.ubu.es:10259/6506</identifier><datestamp>2022-04-01T07:45:10Z</datestamp><setSpec>com_10259.4_103</setSpec><setSpec>com_10259.4_1</setSpec><setSpec>com_10259_2604</setSpec><setSpec>col_10259_6504</setSpec></header><metadata><record xmlns="http://www.loc.gov/MARC21/slim" xmlns:doc="http://www.lyncode.com/xoai" xmlns:xsi="http://www.w3.org/2001/XMLSchema-instance" xmlns:dcterms="http://purl.org/dc/terms/" xsi:schemaLocation="http://www.loc.gov/MARC21/slim http://www.loc.gov/standards/marcxml/schema/MARC21slim.xsd">
<leader>00925njm 22002777a 4500</leader>
<datafield tag="042" ind1=" " ind2=" ">
<subfield code="a">dc</subfield>
</datafield>
<datafield tag="720" ind1=" " ind2=" ">
<subfield code="a">Gómez Villar, Rufino</subfield>
<subfield code="e">author</subfield>
</datafield>
<datafield tag="260" ind1=" " ind2=" ">
<subfield code="c">2017</subfield>
</datafield>
<datafield tag="520" ind1=" " ind2=" ">
<subfield code="a">El artículo trata sobre el estudio cronológico del yacimiento&#xd;
romano de Osmilla/La Mesa. A pesar de la evidencia de actividad&#xd;
alfarera local la mayoría de las cerámicas de terra siguillata&#xd;
hispánica presentan decoraciones relacionadas con los talleres del&#xd;
Najerilla, desde los modelos utilizados por los alfareros de Be zares,&#xd;
Arenzana y Tricio en época altoimperial, la primera mitad del siglo&#xd;
I, hasta los posteriores de sigilata tardía de Tricio y de Nájera en el&#xd;
siglo IV. En un yacimiento construido “ex novo” durante el periodo&#xd;
de edificación de la vía romana de “Italia a Hispania” los datos&#xd;
extraídos del estudio cerámico son concluyentes con la época asignada&#xd;
a la duración del asentamiento.</subfield>
</datafield>
<datafield tag="520" ind1=" " ind2=" ">
<subfield code="a">The article deals with the chronological study of the&#xd;
Roman site of Osmilla /La Mesa. Despite the evidence of local pottery&#xd;
activity, most ceramics of tierra siguillata hispanica present decorations&#xd;
related to the workshops of the Najerilla; From the models&#xd;
used by the potters of Bezares, Arenzana and Tricio in the highimperial&#xd;
period, the first half of the first century, to the later of the&#xd;
later sigilata of Tricio and Nájera in the fourth century. In a building&#xd;
“ex novo” built during the period of construction of the Roman&#xd;
route of “Italy in Hispanias” the ceramic data are conclusive with&#xd;
the duration of the settlement.</subfield>
</datafield>
<datafield tag="024" ind2=" " ind1="8">
<subfield code="a">0211-8998</subfield>
</datafield>
<datafield tag="024" ind2=" " ind1="8">
<subfield code="a">http://hdl.handle.net/10259/6506</subfield>
</datafield>
<datafield ind1=" " ind2=" " tag="653">
<subfield code="a">Vía de Italia a Hispania</subfield>
</datafield>
<datafield ind1=" " ind2=" " tag="653">
<subfield code="a">Osmilla</subfield>
</datafield>
<datafield ind1=" " ind2=" " tag="653">
<subfield code="a">Najerilla</subfield>
</datafield>
<datafield ind1=" " ind2=" " tag="653">
<subfield code="a">Marcas</subfield>
</datafield>
<datafield ind1=" " ind2=" " tag="653">
<subfield code="a">Grafitos</subfield>
</datafield>
<datafield ind1=" " ind2=" " tag="653">
<subfield code="a">Personal brands</subfield>
</datafield>
<datafield ind1=" " ind2=" " tag="653">
<subfield code="a">Graphites</subfield>
</datafield>
<datafield tag="245" ind1="0" ind2="0">
<subfield code="a">Una cronología para el yacimiento romano de La Mesa (Belorado)</subfield>
</datafield>
</record></metadata></record></GetRecord></OAI-PMH>